Spanish Verbs # 9 - 3rd pers. sing. pret. - Statistics

General Stats
  • This quiz has been taken 28 times
  • The average score is 31 of 50
Answer Stats
Infinitive Pret. él/ella/usted % Correct
hablar habló
100%
contar contó
85%
ir fue
85%
ser fue
85%
vivir vivió
85%
almorzar almorzó
77%
cerrar cerró
77%
comer comió
77%
decir dijo
77%
jugar jugó
77%
ver vio
77%
agradecer agradeció
69%
dar dio
69%
empezar empezó
69%
encontrar encontró
69%
hacer hizo
69%
pensar pensó
69%
pedir pidió
69%
servir sirvió
69%
valer valió
69%
volver volvió
69%
conocer conoció
62%
crecer creció
62%
dirigir dirigió
62%
entender entendió
62%
oír oyó
62%
perder perdió
62%
poner puso
62%
repetir repitió
62%
reír rió
62%
salir salió
62%
dormir durmió
54%
morir murió
54%
proteger protegió
54%
poder pudo
54%
querer quiso
54%
recoger recogió
54%
seguir siguió
54%
sentir sintió
54%
saber supo
54%
tener tuvo
54%
venir vino
54%
caer cayó
46%
elegir eligió
46%
estar estuvo
46%
haber hubo
46%
preferir prefirió
46%
conducir condujo
38%
traducir tradujo
38%
traer trajo
38%
No matching quizzes found
Score Distribution
Percent of People with Each Score
Percentile by Number Answered
Your Score History
You have not taken this quiz